Філософські твори у чотирьох томах (Record no. 421909)

MARC details
000 -Лідер
fixed length control field 02118nam a22003017a 4500
001 - Контрольний номер
control field 133252
003 - Ідентифікатор контрольного номера
control field UA-OsUOA
005 - Дата та час останнього входження (трансакції)
control field 20260629152744.0
007 - Фіксоване поле фізичного опису
fixed length control field ta
008 - Елементи даних фіксованої довжини – загальна інформація
fixed length control field 20181011b un ||||| |||| 00| 0 ukr d
020 ## - Міжнародний стандартний книжковий номер (ISBN)
Міжнародний стандартний книжковий номер (ISBN) (НП) 966849900Х
040 ## - Джерело каталогізації
Агенція оригінальної каталогізації UA-OsUOA
Мова каталогізації ukr
Агенція, яка здійснювала перезапис UA-OsUOA
Агенція, яка здійснювала модифікацію UA-OsUOA
041 ## - Код мови
Код мови тексту/ звукової доріжки чи окремого заголовка (П) ukr
080 ## - Індекс Універсальної десяткової класифікації
Індекс Універсальної десяткової класифікації (УДК) (НП) 141
090 ## - Локальний шифр розміщення
Класифікаційний індекс УДК 141
Авторський знак (НП) Ч-59
100 ## - Основне введення – ім’я особи
Ім’я особи (НП) Чижевський Д.
9 (RLIN) 22973
110 ## - Наймення організації – загальна інформація
Найменування колективу або юрисдикції як початковий елемент введення Інститут філософії ім. Г. Сковороди
9 (RLIN) 25553
245 ## - Відомості про назву
Назва (НП) Філософські твори у чотирьох томах
Дані про відповідальність (НП) під заг. ред. Василя Лісового
260 ## - Публікація, розповсюдження і т.п. (Вихідні дані)
Місце публікації, розповсюдження і т.п. (П) К.
Ім’я/ наймення видавництва, розповсюджувача і т.п. (П) Смолоскип
Дата публікації, розповсюдження і т.п. (П) 2005
300 ## - Фізичний опис
Обсяг 456 с.
505 ## - Форматована примітка про зміст
Змішана інформація Т. 3
Назва Філософія життя у Людовіта Штура. Філософська славістика
520 ## - Резюме і т.п.
Резюме, реферат, анотація, тощо (НП) Чотиритомне видання філософських творів Дмитра Чижевського (1894-1977) є виданням багатющої спадщини видатного історика філософії України. Воно охоплює усі найважливіші твори Дмитра Чижевського з історії філософії в Україні, української та західноєвропейської філософської думки. Чимало з них вперше з’являються друком в українському перекладі (зі словацької, англійської, німецької та французької мов)., До першого тому включено найважливіші два твори вченого: «Нариси з історії філософії на Україні» (1931) та «Філософія Г. С. Сковороди» (1934).
650 #7 - Додаткове предметне введення – тематичний термін
Тематичний термін чи географічна назва, як елемент введення (НП) 141 Різновиди систем, концепцій, поглядів, вчень, напрямів
Джерело заголовка чи терміна UDC
9 (RLIN) 2907
700 1# - Додаткове введення – ім'я особи
Ім’я особи (НП) Лісовий В. С.
Термін відношення ред.
9 (RLIN) 25552
942 ## - Додаткові елементи входу (Коха)
Тип елемента Koha Books
Source of classification or shelving scheme Universal Decimal Classification
955 ## - Код типу видання за змістом
Код типу видання за змістом (НП) Наукові видання
Holdings
Стан вилучень Стан втрат Джерело класифікації або схеми стелажів Стан уражень Не для кредиту Код колекції Постійне місце розташування Поточне розміщення Дата придбання Джерело придбання Вартість, звичайна ціна покупки Послідовне перерахування / хронологія Інвентарний номер Усього замовленно Повний номер виклику Штрих-код Дата останнього перегляду Дата останньої перевірки Ціна ефективна від Тип елемента Koha Вартість, ціна заміни
    Universal Decimal Classification     Колекція Шевчука Валерія АБ - Абонемент НБ АБ - Абонемент НБ 17/06/2026 №29/08.06.2026 35.00 Т. 3     141 Ч-59 170115 17/06/2026   17/06/2026 Books 35.00
    Universal Decimal Classification     Колекція Закидальського Т. ЧЗ - Читальна зала ЧЗ - Читальна зала 11/10/2018 44/2018 35.00 Т. 3 159957 1 141 Ч-59 159957 06/02/2022 02/11/2020 11/10/2018 Books